000 00568nam a22001937a 4500
005 20250225120632.0
010 _aENG-143906
020 _c120.00
_a9789350015490
035 _aEN-127438
037 _bDBAD/PUB
082 _a658.87
100 _aRaju, K. Venkata Krishna
_978656
245 _aPrinciples And Practices of Management
_cby K. Venkata Krishna Raju
250 _a01
260 _aPerambalur
_bMercury Printers &Publication
_c2017
270 _bPerambalur
_e621212
300 _a144p.g
_c20cm(pbk)
942 _2ddc
_cEN
_h658.87
_mRAJ
999 _c209720
_d209720